| 000 | 00770cam a2200205 a 4500 | ||
|---|---|---|---|
| 005 | 20170123102903.0 | ||
| 008 | 030526s2001 mx 000 0 spa u | ||
| 020 | _a968859458X | ||
| 050 | 4 |
_aF1261 .86 _bL56 2001 |
|
| 100 | 1 | _aLLoyd, Jane- Dale | |
| 245 | 1 | 0 |
_aCinco ensayos sobre cultura material de rancheros y medieros del noroeste de Chihuahua : _b1886-1910 / _cJane-Danle Lloyd. |
| 260 |
_aMéxico : _bUniversidad Iberoamericana, Departamento de Historia, _c2001. |
||
| 300 |
_axi, 350 p. ; _c20 cm. |
||
| 440 | 3 | _aEl pasado y el presente | |
| 500 | _aIncluye apéndice | ||
| 504 | _aBibliografía : (p.317-335) | ||
| 651 | 4 |
_aChihuahua _xHistoria _yRepública liberal, 1867-1911 |
|
| 651 | 4 |
_aChihuahua _xCondiciones rurales _y1880-1910 |
|
| 942 |
_2lcc _cLIB |
||
| 999 |
_c86400 _d86400 |
||